| 000 | 01351cam a2200325Ka 4500 | ||
|---|---|---|---|
| 001 | fireincanes00love | ||
| 003 | CaSfIA | ||
| 005 | 20210118083352.0 | ||
| 007 | cr|||| | ||
| 008 | 971015s1997 nyu 000 1 eng d | ||
| 010 | _a 97811241 | ||
| 040 |
_aOWL _cOWL _dOCL _dOCLCQ _dBAKER _dBTCTA _dOCLCG _dDLC _dCaSfIA |
||
| 020 | _a0425160408 (pbk.) | ||
| 020 | _a9780425160404 (pbk.) | ||
| 035 | _a(OCoLC)37784776 | ||
| 043 | _acc----- | ||
| 082 | 0 | 4 |
_a813/.54 _220 |
| 100 | 1 |
_aLovell, Glenville, _d1955- |
|
| 245 | 1 | 0 |
_aFire in the canes / _h[electronic resource] _cGlenville Lovell. |
| 260 |
_aNew York : _bBerkeley Books, _c1997. |
||
| 300 |
_a258 p. ; _c19 cm. |
||
| 650 | 0 |
_aSpirits _vFiction. |
|
| 651 | 0 |
_aCaribbean Area _xHistory _vFiction. |
|
| 655 | 7 |
_aLove stories. _2gsafd |
|
| 856 | 4 | 1 |
_uhttp://www.archive.org/details/fireincanes00love _zFree eBook from the Internet Archive |
| 856 | 4 | 2 |
_uhttp://www.openlibrary.org/books/OL24605712M _zAdditional information and access via Open Library |
| 942 | _cEB | ||
| 506 | _fНеобхідна авторизація на https://archive.org/ (створення облікового запису безкоштовно) | ||
| 506 | _fНеобхідна авторизація на https://openlibrary.org/ (створення облікового запису безкоштовно) | ||
| 999 |
_c496714 _d496714 |
||